LEADER 00942nam 2200301 450 001 996714207703316 005 20260312153416.0 010 $a88-11-73859-8 100 $a20260312d1996----km y0itay5003 ba 101 0 $aita 102 $aIT 105 $ay 00 y 200 1 $a<> modello americano$eegemonia e consenso nell'era della globalizzazione$fMario Calvo-Platero, Mauro Calamandrei 210 $aMilano$cGarzanti$d1996 215 $a343 p.$d22 cm 225 2 $aMemorie, documenti, biografie 410 0$12001$aMemorie, documenti, biografie 606 0 $aStati Uniti d'America$xPolitica$z1990-1996$2BNCF 676 $a320.97309049 700 1$aCALVO PLATEO,$bMario$01895647 701 1$aCALAMANDREI,$bMauro$0174362 801 0$aIT$bcba$gREICAT 912 $a996714207703316 951 $aXVI.8. 190$b94864 G.$cXVI.8.$d372784 959 $aBK 969 $aFAVAG 996 $aModello americano$94548931 997 $aUNISA